[Event "Hillerod-ch D"]
[Site "Hillerod"]
[Date "2004.06.08"]
[Round "7"]
[White "Christiansen, Sofus Ronne"]
[Black "Thorsen, Benny"]
[Result "1-0"]
[WhiteElo "1304"]
[BlackElo "1287"]
[PlyCount "27"]
[EventDate "2004.04.27"]
[EventType "swiss"]
[EventRounds "7"]
[EventCountry "DEN"]
[SourceTitle "EXT 2023"]
[Source "ChessBase"]
[SourceDate "2022.10.05"]
[SourceVersion "1"]
[SourceVersionDate "2022.10.05"]
[SourceQuality "1"]

1. e4 e5 2. Nf3 d6 3. Bc4 Bg4 4. h3 Bh5 5. c3 h6 6. d4 Nf6 7. Nbd2 Be7 8. 0-0 0-0 9. Qb3 b6 10. dxe5 Bxf3 11. exf6 Bxf6 12. Nxf3 Nc6 13. Bd5 Qd7 14. Qb5 1-0

[Event "Hillerod-ch D"]
[Site "Hillerod"]
[Date "2004.04.27"]
[Round "1"]
[White "Petersen, Henrik2222"]
[Black "Thorsen, Benny"]
[Result "1/2-1/2"]
[WhiteElo "1178"]
[BlackElo "1287"]
[PlyCount "76"]
[EventDate "2004.04.27"]
[EventType "swiss"]
[EventRounds "7"]
[EventCountry "DEN"]
[SourceTitle "EXT 2023"]
[Source "ChessBase"]
[SourceDate "2022.10.05"]
[SourceVersion "1"]
[SourceVersionDate "2022.10.05"]
[SourceQuality "1"]

1. e4 e5 2. d3 c5 3. Nf3 Nc6 4. c3 Nf6 5. g3 Be7 6. Bg2 h6 7. 0-0 0-0 8. Nbd2 d5 9. exd5 Qxd5 10. Nb3 Bg4 11. Re1 Bxf3 12. Qxf3 Qe6 13. Qe2 Bd6 14. Bxc6 bxc6 15. Be3 Qh3 16. Qf1 Qf5 17. Bxc5 Bxc5 18. Nxc5 Rab8 19. b3 Rfe8 20. Ne4 Re6 21. Nxf6+ Rxf6 22. Rad1 Re8 23. a4 h5 24. f4 Qg4 25. Qe2 Rxf4 26. Qxg4 Rxg4 27. Re4 Rg5 28. d4 f6 29. dxe5 fxe5 30. Rd6 h4 31. Rxh4 e4 32. Rd1 e3 33. Re1 e2 34. Rf4 Rd5 35. Rd4 Rde5 36. Rd2 Kf7 37. Kf2 Rf5+ 38. Kg1 Rfe5 1/2-1/2